Dove giocava nel 2010-2011? - Quiz n°44 - Statistics

Statistiche generali
  • Questo quiz è stato fatto 27 volte
  • Il punteggio medio è 8 su 10
Statistiche sulle risposte
Hint Risposta % Corretto
John Terry Chelsea
92%
Kevin-Prince Boateng Milan
92%
Peter Crouch Tottenham
92%
Wesley Sneijder Inter
83%
Samuel Umtiti Olympique Lione 2
79%
Álvaro Arbeloa Real Madrid
79%
Romelu Lukaku Anderlecht
75%
Alexander Manninger Juventus
75%
Hugo Campagnaro Napoli
75%
Cristian Daniel Ledesma Lazio
67%
Nessun quiz corrispondente trovato
Distribuzione punteggi
Percentuale di utenti per punteggio
Percentile per numero di risposta
I tuoi punteggi nel tempo
Non hai fatto questo quiz